<?xml version="1.0" encoding="UTF-8"?>
<collection xmlns="http://www.loc.gov/MARC21/slim">
 <record>
  <leader>02069nas a22003611  4500</leader>
  <controlfield tag="001">1/50195</controlfield>
  <controlfield tag="008">011107c19779999enkbrzp           a0eng d</controlfield>
  <datafield tag="022" ind1=" " ind2=" ">
   <subfield code="a">0308-597X</subfield>
  </datafield>
  <datafield tag="035" ind1=" " ind2=" ">
   <subfield code="l">23157</subfield>
  </datafield>
  <datafield tag="040" ind1=" " ind2=" ">
   <subfield code="a">DLC</subfield>
   <subfield code="b">GR-PeUP</subfield>
  </datafield>
  <datafield tag="090" ind1=" " ind2=" ">
   <subfield code="a">Αλφαβητική σειρά</subfield>
  </datafield>
  <datafield tag="245" ind1="0" ind2="0">
   <subfield code="a">Marine policy</subfield>
  </datafield>
  <datafield tag="260" ind1=" " ind2=" ">
   <subfield code="a">[Guilford, Eng.] :</subfield>
   <subfield code="b">IPC Science and Technology Press,</subfield>
   <subfield code="c">1977-</subfield>
  </datafield>
  <datafield tag="300" ind1=" " ind2=" ">
   <subfield code="a">v. ;</subfield>
   <subfield code="c">28 cm.</subfield>
  </datafield>
  <datafield tag="310" ind1=" " ind2=" ">
   <subfield code="a">Bimonthly</subfield>
  </datafield>
  <datafield tag="362" ind1="0" ind2=" ">
   <subfield code="a">Vol.22, no.1(Jan. 1998)-v.23, no.6(Nov. 1999)</subfield>
  </datafield>
  <datafield tag="362" ind1="0" ind2=" ">
   <subfield code="a">Vol.25, no.1(Jan. 2001)-</subfield>
  </datafield>
  <datafield tag="535" ind1="0" ind2=" ">
   <subfield code="a">Κλειστό Βιβλιοστάσιο.</subfield>
  </datafield>
  <datafield tag="546" ind1=" " ind2=" ">
   <subfield code="a">English</subfield>
  </datafield>
  <datafield tag="650" ind1=" " ind2="4">
   <subfield code="a">Marine resources</subfield>
   <subfield code="x">Periodicals.</subfield>
  </datafield>
  <datafield tag="650" ind1=" " ind2="4">
   <subfield code="a">Marine resources</subfield>
   <subfield code="x">Government policy</subfield>
   <subfield code="x">Periodicals.</subfield>
  </datafield>
  <datafield tag="852" ind1=" " ind2=" ">
   <subfield code="a">INST</subfield>
   <subfield code="b">UNIPILB</subfield>
   <subfield code="c">SERIALS</subfield>
   <subfield code="e">20050215</subfield>
   <subfield code="h">Αλφαβητική σειρά</subfield>
   <subfield code="p">40034</subfield>
   <subfield code="q">40034</subfield>
   <subfield code="t">NOLOAN</subfield>
   <subfield code="v">vol.26;no.3:(Μήνας)May;(Έτος)2002</subfield>
   <subfield code="y">23</subfield>
  </datafield>
  <datafield tag="852" ind1=" " ind2=" ">
   <subfield code="a">INST</subfield>
   <subfield code="b">UNIPILB</subfield>
   <subfield code="c">SERIALS</subfield>
   <subfield code="e">20050316</subfield>
   <subfield code="h">Αλφαβητική σειρά</subfield>
   <subfield code="p">41445</subfield>
   <subfield code="q">41445</subfield>
   <subfield code="t">NOLOAN</subfield>
   <subfield code="v">vol.26;no.1:(Μήνας)January;(Έτος)2002</subfield>
   <subfield code="y">23</subfield>
  </datafield>
  <datafield tag="852" ind1=" " ind2=" ">
   <subfield code="a">INST</subfield>
   <subfield code="b">UNIPILB</subfield>
   <subfield code="c">SERIALS</subfield>
   <subfield code="e">20050316</subfield>
   <subfield code="h">Αλφαβητική σειρά</subfield>
   <subfield code="p">41446</subfield>
   <subfield code="q">41446</subfield>
   <subfield code="t">NOLOAN</subfield>
   <subfield code="v">vol.26;no.2:(Μήνας)March;(Έτος)2002</subfield>
   <subfield code="y">23</subfield>
  </datafield>
  <datafield tag="852" ind1=" " ind2=" ">
   <subfield code="a">INST</subfield>
   <subfield code="b">UNIPILB</subfield>
   <subfield code="c">SERIALS</subfield>
   <subfield code="e">20050316</subfield>
   <subfield code="h">Αλφαβητική σειρά</subfield>
   <subfield code="p">41447</subfield>
   <subfield code="q">41447</subfield>
   <subfield code="t">NOLOAN</subfield>
   <subfield code="v">vol.26;no.4:(Μήνας)July;(Έτος)2002</subfield>
   <subfield code="y">23</subfield>
  </datafield>
  <datafield tag="852" ind1=" " ind2=" ">
   <subfield code="a">INST</subfield>
   <subfield code="b">UNIPILB</subfield>
   <subfield code="c">SERIALS</subfield>
   <subfield code="e">20050316</subfield>
   <subfield code="h">Αλφαβητική σειρά</subfield>
   <subfield code="p">41448</subfield>
   <subfield code="q">41448</subfield>
   <subfield code="t">NOLOAN</subfield>
   <subfield code="v">vol.26;no.5:(Μήνας)September;(Έτος)2002</subfield>
   <subfield code="y">23</subfield>
  </datafield>
  <datafield tag="852" ind1=" " ind2=" ">
   <subfield code="a">INST</subfield>
   <subfield code="b">UNIPILB</subfield>
   <subfield code="c">SERIALS</subfield>
   <subfield code="e">20050316</subfield>
   <subfield code="h">Αλφαβητική σειρά</subfield>
   <subfield code="p">41449</subfield>
   <subfield code="q">41449</subfield>
   <subfield code="t">NOLOAN</subfield>
   <subfield code="v">vol.26;no.6:(Μήνας)November;(Έτος)2002</subfield>
   <subfield code="y">23</subfield>
  </datafield>
  <datafield tag="856" ind1="4" ind2="1">
   <subfield code="u">http://www.sciencedirect.com/science/journal/0308597X</subfield>
  </datafield>
  <datafield tag="900" ind1=" " ind2=" ">
   <subfield code="a">Vol. 27 no. 1 (January 2003)</subfield>
   <subfield code="b">Οφειλόμενο</subfield>
   <subfield code="c">11/01/2006</subfield>
  </datafield>
  <datafield tag="950" ind1=" " ind2=" ">
   <subfield code="a">01/01/2002</subfield>
   <subfield code="c">SWETS INFORMATION SERVICES</subfield>
   <subfield code="d">274</subfield>
  </datafield>
  <datafield tag="951" ind1=" " ind2=" ">
   <subfield code="a">Vol. 26 no. 1 (January 2002) - Vol. 26 no. 6 (November 2002)</subfield>
   <subfield code="b">Main run</subfield>
  </datafield>
  <datafield tag="951" ind1=" " ind2=" ">
   <subfield code="a">Vol.22, no.1(Jan. 1998) -  (v.23, no.6(Nov. 1999)</subfield>
   <subfield code="b">Main run</subfield>
  </datafield>
  <datafield tag="951" ind1=" " ind2=" ">
   <subfield code="a">Vol.25, no.1(Jan. 2001) -  (v.25, no.6(Nov. 2001)</subfield>
   <subfield code="b">Main run</subfield>
  </datafield>
 </record>
</collection>
